01564nam a22003857a 4500003000500000005001700005008004100022010001000063011001000073035001000083040000900093100003700102245004000139260008600179300002700265490006600292590004100358590004100399590004100440590004100481590004200522650002200564650002200586700004600608830007300654852002600727852002600753901000700779942001000786949003400796949005300830999001700883952013300900952014501033CHAP20220329140945.0971013s1995 r 00010 d a60437 a61409 a65573 cCHAP00aRzedowski Rotter, Jerzy.91010521 aFamilia Compositae tribu Vernonieae aPátzcuaro, Mich. :bInstituto de Ecología. Centro Regional del Bajío,c1995 a50 p.b: ilus. ; mapas aFlora del Bajío y de Regiones Adyacentes. Fascículov; 38 aBATCH-UPDb10c20130110lUCH01h0718 aBATCH-UPDb10c20130110lUCH01h2348 aBATCH-UPDb10c20130410lUCH01h0403 aBATCH-UPDb10c20130914lUCH01h1416 aCONVERSIONb10c20130109lUCH01h133214aCompuestas92611614aVernonia.91189450 aCalderón de Rzedowski, Graciela.9173850 aFlora del Bajío y de Regiones Adyacentes. Fascículov; 38941324 2yISSUEd2012-12-17503 2yISSUEd2012-12-17503 aBK cISSUE bBCcPSd-146835ePSi65573si bBCcPSd33724002258280ePSfc.2i65573sbt15.00 c60437d60437 00102local4051708PSaBCbBCcPB_PSd2012-12-17fISSUEl0p-146835r2019-12-31 00:00:00w2012-12-17yISSUEzRecien adquirido 00102local4051708PSaBCbBCcPB_PSd2012-12-17fISSUEl0p33724002258280r2019-12-31 00:00:00tc.2w2012-12-17yISSUEzRecien adquirido